Reasonable adjustments (Record no. 82735)
[ view plain ]
| 000 -LEADER | |
|---|---|
| fixed length control field | 00854cab a22001935a 4500 |
| 001 - CONTROL NUMBER | |
| control field | L151218 |
| 008 - FIXED-LENGTH DATA ELEMENTS--GENERAL INFORMATION | |
| fixed length control field | 101007e20100911xxk 000 0 eng d |
| 035 ## - SYSTEM CONTROL NUMBER | |
| System control number | (Sirsi) u151218 |
| 041 0# - LANGUAGE CODE | |
| Language code of text/sound track or separate title | eng |
| 100 1# - MAIN ENTRY--PERSONAL NAME | |
| Personal name | Mclean, Simon |
| 245 00 - TITLE STATEMENT | |
| Title | Reasonable adjustments |
| 260 ## - PUBLICATION, DISTRIBUTION, ETC. | |
| Date of publication, distribution, etc. | 2010 |
| 490 ## - SERIES STATEMENT | |
| Series statement | Estates Gazette |
| Volume/sequential designation | 11 September 2010, 116-117(2) |
| 520 ## - SUMMARY, ETC. | |
| Summary, etc. | Service providers statutory obligations relating to disability discrimination. Disability Discrimination Act 1995 provides the framework for fair access to buildings and stipulates a number of adjustments to render them compliant. These include changing procedures or policies that make it impossible for disabled people to use a service. |
| 590 ## - LOCAL NOTE (RLIN) | |
| Local note | KA |
| 651 #4 - SUBJECT ADDED ENTRY--GEOGRAPHIC NAME | |
| Geographic name | England and Wales |
| Chronological subdivision | 1543- |
| 690 ## - LOCAL SUBJECT ADDED ENTRY--TOPICAL TERM (OCLC, RLIN) | |
| Topical term or geographic name as entry element | MANAGEMENT-BUSINESS MANAGEMENT-DISCRIMINATION-DISABILITY DISCRIMINATION |
| 942 ## - ADDED ENTRY ELEMENTS (KOHA) | |
| Suppress in OPAC | 0 |
| Withdrawn status | Lost status | Source of classification or shelving scheme | Damaged status | Not for loan | Home library | Current library | Shelving location | Date acquired | Total Checkouts | Full call number | Barcode | Date last seen | Copy number | Price effective from | Koha item type |
|---|---|---|---|---|---|---|---|---|---|---|---|---|---|---|---|
| Dewey Decimal Classification | London | London | Journal article | 07/10/2010 | L151218 | 151218-1001 | 06/08/2019 | 1 | 06/08/2019 | Journal article |